Normal view MARC view
  • Small business

Entry Topical Term

Number of records used in: 1

001 - CONTROL NUMBER

  • control field: 36384

003 - CONTROL NUMBER IDENTIFIER

  • control field: NUST

005 - DATE AND TIME OF LATEST TRANSACTION

  • control field: 20210314130013.0

008 - FIXED-LENGTH DATA ELEMENTS

  • fixed length control field: 210314|| aca||aabn | a|a d

040 ## - CATALOGING SOURCE

  • Original cataloging agency: NUST
  • Transcribing agency: NUST

150 ## - HEADING--TOPICAL TERM

  • Topical term or geographic name entry element: Small business
  • General subdivision: Planning

670 ## - SOURCE DATA FOUND

  • Source citation: Work cat.: (NUST): Childs, Donna R. 36383, Prepare for the worst, plan for the best :, c2008.
© 2023 Central Library, National University of Sciences and Technology. All Rights Reserved.